000 00527nam a2200193Ia 4500
003 LK-CoDNM
005 20241126140258.0
008 010623t1979 xxu||||| |||| 00| 1 sin d
040 _aLK-CoDNM
_dLK-CoDNM
_eLK-CoDNM
041 _asin
080 _a294.3
_bHET
100 _aHettiarachchi,Nimal.
245 _aබුදුදහමින් පැන විසදුම්
246 _aBudu Dahamin Pena Visadum
260 _bSipsala
_aDehiwala
_c1979
300 _b143p. ; 21 cm
650 _aBUDDHISM
942 _cBK
999 _c111011
_d111011